000 004170000a22001810004500
003 MACL
005 20150830173250.0
008 150830b xxu||||| |||| 00| 0 eng d
040 _aMACL
_cMACL
041 _aEnglish
082 _a800
100 _aSuman, Surendra Jha
_98154
245 _aPrachi
260 _bSahitya Akademi
_c1992
_aCalcutta
350 _a30
650 _aLiterature
_98155
942 _cBK
_k800
_2ddc
999 _c4643
_d4643